[Event "Champ France Acc"]
[Site "Agen"]
[Date "2017/08/23"]
[Round "5"]
[White "OLLIER Pablo"]
[Black "LACROIX Romain"]
[Result "*"]
[WhiteElo "2395"]
[BlackElo "2255"]
[TimeControl "900"]

1. d4 Nf6
2. c4 e6
3. Nc3 Bb4
4. e3 O-O
5. Bd3 d5
6. cxd5 exd5
7. Nge2 c5
8. a3 cxd4
9. axb4 dxc3
10. O-O Nc6
11. b5 Nb4
12. Nxc3 Nxd3
13. Qxd3 Be6
14. Qd4 Qb6
15. Rd1 Rfd8
16. f3 h6
17. Ra3 Rdc8
18. g4 Qc5
19. Qxc5 Rxc5
20. Rd4 Bd7
21. Rda4 Bxb5
22. Ra5 Rac8
23. Bd2 a6
24. Nxb5 axb5
25. Bc3 Ne8
26. Ra8 f6
27. R3a7 Rxa8
28. Rxa8 Kf7
29. Bd4 Rc6
30. h4 Nd6
31. h5 Rc8
32. Ra7 Rc6
33. Ra8 Rc8
34. Ra3 Rc2
35. Rb3 Ke6
36. Kf1 Kd7
37. Ke1 Kc6
38. Rc3+ Rxc3
39. Bxc3 Kd7
40. Ke2 Nf7
41. Bb4 Nd8
42. f4 Ke6
43. Kd3 Nc6
44. Bc3 Ke7
45. e4 Ke6
46. Ke3 dxe4
47. Kxe4 Ne7
48. f5+ Kf7
49. b4 Nc6
50. Kd5 Ke7
51. Kc5 Ne5
52. Kxb5 Nxg4
53. Kb6 Ne3
54. Kxb7 Nxf5
55. Kc6 Nd6
56. Bd4 Ke6
57. Bc5 Nc4
58. b5 f5
59. Bd4 f4
60. Bxg7 f3
61. Bd4 Nd6
62. b6 Nc4
63. Bf2 Nxb6
64. Bxb6 Kf5
65. Kd5 Kg4
66. Ke4 f2 *

[Event "Champ France Acc"]
[Site "Agen"]
[Date "2017/08/23"]
[Round "5"]
[White "BROCHET Philippe"]
[Black "CALISTRI Tristan"]
[Result "1-0"]
[WhiteElo "2417"]
[BlackElo "2293"]
[TimeControl "900"]

1. e4 c5
2. Na3 g6
3. c3 Bg7
4. Nf3 d6
5. d4 cxd4
6. cxd4 Nf6
7. Bd3 O-O
8. O-O Bg4
9. Be3 Nc6
10. h3 Bxf3
11. Qxf3 Nd7
12. Nc2 Qb6
13. Qg4 Qd8
14. f4 e5
15. fxe5 dxe5
16. d5 Nd4
17. Nxd4 exd4
18. Bg5 Qc7
19. Be7 Ne5
20. d6 Nxg4
21. dxc7 Rfe8
22. Bd8 Ne5
23. Bb5 Rexd8
24. cxd8=Q Rxd8
25. Rac1 a6
26. Ba4 d3
27. Rc7 b5
28. Bb3 Nc4
29. Rfxf7 Bd4+
30. Kh1 Bg7 1-0

[Event "Agen 2017 National"]
[Site "?"]
[Date "2017.08.24"]
[Round "6.1"]
[White "Cornette, Matthieu"]
[Black "Bauer, Christian"]
[Result "1/2-1/2"]
[BlackElo "2650"]
[WhiteElo "2609"]
[LiveChessVersion "1.4.8"]

1. e4 {[%clk 1:29:13]} c5 {[%clk 1:30:50]} 2. Nf3 {[%clk 1:28:26]} e6
{[%clk 1:30:59]} 3. d4 {[%clk 1:28:00]} cxd4 {[%clk 1:31:23]} 4. Nxd4
{[%clk 1:28:23]} Nc6 {[%clk 1:31:47]} 5. Nc3 {[%clk 1:28:42]} Qc7
{[%clk 1:32:07]} 6. Be3 {[%clk 1:26:43]} a6 {[%clk 1:32:01]} 7. Be2
{[%clk 1:22:19]} Nf6 {[%clk 1:23:58]} 8. O-O {[%clk 1:22:05]} Be7
{[%clk 1:21:09]} 9. f4 {[%clk 1:21:52]} d6 {[%clk 1:21:34]} 10. Kh1
{[%clk 1:20:14]} O-O {[%clk 1:15:08]} 11. Qe1 {[%clk 1:19:32]} Nxd4
{[%clk 1:14:58]} 12. Bxd4 {[%clk 1:19:56]} b5 {[%clk 1:15:17]} 13. a3
{[%clk 1:19:30]} Bb7 {[%clk 1:14:19]} 14. Qg3 {[%clk 1:17:22]} Rad8
{[%clk 1:10:35]} 15. Rae1 {[%clk 1:13:40]} Rd7 {[%clk 0:48:39]} 16. Bd3
{[%clk 1:13:02]} Qd8 {[%clk 0:45:15]} 17. Re2 {[%clk 1:00:51]} Bc6
{[%clk 0:38:11]} 18. Rf3 {[%clk 0:52:44]} g6 {[%clk 0:25:23]} 19. Qh3
{[%clk 0:37:58]} d5 {[%clk 0:20:40]} 20. exd5 {[%clk 0:34:36]} Bxd5
{[%clk 0:20:20]} 21. Nxd5 {[%clk 0:33:45]} Rxd5 {[%clk 0:20:43]} 22. Be5
{[%clk 0:31:55]} Re8 {[%clk 0:17:23]} 23. Rf1 {[%clk 0:28:44]} Bf8
{[%clk 0:06:50]} 24. f5 {[%clk 0:27:13]} Rxe5 {[%clk 0:04:01]} 25. Rxe5
{[%clk 0:24:34]} exf5 {[%clk 0:04:28]} 26. Rxe8 {[%clk 0:21:37]} Qxe8
{[%clk 0:04:52]} 27. Qf3 {[%clk 0:21:37]} Qe5 {[%clk 0:04:34]} 28. c3
{[%clk 0:20:10]} Bd6 {[%clk 0:04:30]} 29. g3 {[%clk 0:19:00]} h5 {[%clk 0:03:52]}
30. Bxf5 {[%clk 0:14:09]} gxf5 {[%clk 0:04:11]} 31. Qxf5 {[%clk 0:14:37]} Qxf5
{[%clk 0:03:44]} 32. Rxf5 {[%clk 0:14:55]} Kg7 {[%clk 0:03:48]} 33. Kg2
{[%clk 0:10:07]} Kg6 {[%clk 0:04:12]} 34. Rf1 {[%clk 0:08:37]} Ne4
{[%clk 0:04:03]} 35. Rc1 {[%clk 0:07:43]} Kf5 {[%clk 0:01:47]} 36. c4
{[%clk 0:03:29]} b4 {[%clk 0:01:46]} 37. axb4 {[%clk 0:03:35]} Bxb4
{[%clk 0:02:15]} 38. Rf1+ {[%clk 0:03:34]} Ke6 {[%clk 0:02:38]} 39. Rf4
{[%clk 0:03:23]} f5 {[%clk 0:02:34]} 40. Rh4 {[%clk 0:33:14]} Nf6
{[%clk 0:32:33]} 41. c5 {[%clk 0:28:00]} a5 {[%clk 0:17:17]} 42. c6
{[%clk 0:27:02]} Bd6 {[%clk 0:13:44]} 43. Rc4 {[%clk 0:24:11]} Nd5
{[%clk 0:10:55]} 44. Kh3 {[%clk 0:17:44]} f4 {[%clk 0:09:15]} 45. gxf4
{[%clk 0:17:16]} Nxf4+ {[%clk 0:08:02]} 46. Kh4 {[%clk 0:15:50]} Be7+
{[%clk 0:07:32]} 47. Kg3 {[%clk 0:16:13]} 1/2-1/2

[Event "Agen 2017 National"]
[Site "?"]
[Date "2017.08.24"]
[Round "6.2"]
[White "Fressinet, Laurent"]
[Black "Gozzoli, Yannick"]
[Result "1/2-1/2"]
[BlackElo "2592"]
[WhiteElo "2650"]
[LiveChessVersion "1.4.8"]

1. e4 {[%clk 1:30:56]} e5 {[%clk 1:30:46]} 2. Nf3 {[%clk 1:31:21]} Nc6
{[%clk 1:31:11]} 3. Bb5 {[%clk 1:31:47]} a6 {[%clk 1:31:34]} 4. Ba4
{[%clk 1:32:12]} Nf6 {[%clk 1:31:58]} 5. O-O {[%clk 1:32:36]} Be7
{[%clk 1:32:24]} 6. d3 {[%clk 1:33:01]} d6 {[%clk 1:32:48]} 7. c3
{[%clk 1:32:57]} O-O {[%clk 1:33:12]} 8. Nbd2 {[%clk 1:32:29]} Nd7
{[%clk 1:33:37]} 9. Bc2 {[%clk 1:32:33]} Nb6 {[%clk 1:33:41]} 10. d4
{[%clk 1:30:50]} Bf6 {[%clk 1:30:27]} 11. dxe5 {[%clk 1:29:23]} Nxe5
{[%clk 1:29:34]} 12. Nxe5 {[%clk 1:21:36]} dxe5 {[%clk 1:29:59]} 13. Qe2
{[%clk 1:14:20]} Be6 {[%clk 1:23:30]} 14. b3 {[%clk 1:09:28]} Be7
{[%clk 1:21:12]} 15. Rd1 {[%clk 1:04:53]} Qe8 {[%clk 1:19:48]} 16. Nf1
{[%clk 1:01:47]} f6 {[%clk 1:16:35]} 17. Ne3 {[%clk 0:58:53]} Qf7
{[%clk 1:15:56]} 18. Nf5 {[%clk 0:57:34]} Rfd8 {[%clk 1:15:08]} 19. Be3
{[%clk 0:52:09]} Bf8 {[%clk 1:11:00]} 20. h4 {[%clk 0:49:46]} h5 {[%clk 1:07:48]}
21. Rd3 {[%clk 0:41:57]} Rxd3 {[%clk 1:04:34]} 22. Qxd3 {[%clk 0:41:27]} Nd7
{[%clk 1:04:08]} 23. Rd1 {[%clk 0:39:37]} Qe8 {[%clk 0:58:56]} 24. b4
{[%clk 0:36:01]} g6 {[%clk 0:53:57]} 25. Bb3 {[%clk 0:27:34]} Rd8
{[%clk 0:46:37]} 26. Ng3 {[%clk 0:25:07]} Bd6 {[%clk 0:46:33]} 27. Nf1
{[%clk 0:19:18]} Nf8 {[%clk 0:44:34]} 28. Qc2 {[%clk 0:17:38]} Bxb3
{[%clk 0:43:27]} 29. Qxb3+ {[%clk 0:17:27]} Qf7 {[%clk 0:43:43]} 30. Bc5
{[%clk 0:15:32]} Qxb3 {[%clk 0:42:41]} 31. axb3 {[%clk 0:15:34]} Be7
{[%clk 0:42:49]} 32. Rxd8 {[%clk 0:11:13]} Bxd8 {[%clk 0:43:15]} 33. Bxf8
{[%clk 0:08:29]} Kxf8 {[%clk 0:43:40]} 34. Nd2 {[%clk 0:08:35]} b5
{[%clk 0:42:57]} 35. Kf1 {[%clk 0:08:30]} Kf7 {[%clk 0:43:21]} 36. Ke2
{[%clk 0:08:36]} Ke6 {[%clk 0:43:40]} 37. Kd3 {[%clk 0:08:34]} c6
{[%clk 0:44:00]} 38. Nf3 {[%clk 0:08:27]} Bb6 {[%clk 0:44:22]} 39. Ke2
{[%clk 0:08:51]} Bd8 {[%clk 0:44:39]} 40. Kd3 {[%clk 0:39:17]} Bb6
{[%clk 1:15:05]} 1/2-1/2

[Event "Agen 2017 National"]
[Site "?"]
[Date "2017.08.24"]
[Round "6.3"]
[White "Bacrot, Etienne"]
[Black "Lagarde, Maxime"]
[Result "1-0"]
[BlackElo "2607"]
[WhiteElo "2715"]
[LiveChessVersion "1.4.8"]

1. e4 {[%clk 1:30:57]} e6 {[%clk 1:30:54]} 2. d4 {[%clk 1:31:22]} d5
{[%clk 1:31:19]} 3. Nc3 {[%clk 1:31:47]} Bb4 {[%clk 1:31:40]} 4. e5
{[%clk 1:32:11]} c5 {[%clk 1:31:39]} 5. a3 {[%clk 1:32:32]} Bxc3+
{[%clk 1:32:04]} 6. bxc3 {[%clk 1:32:57]} Ne7 {[%clk 1:32:31]} 7. Qg4
{[%clk 1:33:10]} O-O {[%clk 1:32:44]} 8. Bd3 {[%clk 1:31:21]} f5 {[%clk 1:32:32]}
9. exf6 {[%clk 1:30:15]} Rxf6 {[%clk 1:32:57]} 10. Bg5 {[%clk 1:29:48]} Rf7
{[%clk 1:32:54]} 11. Qh5 {[%clk 1:29:25]} g6 {[%clk 1:33:18]} 12. Qd1
{[%clk 1:29:32]} Nbc6 {[%clk 1:33:33]} 13. Nf3 {[%clk 1:29:12]} c4
{[%clk 1:33:21]} 14. Be2 {[%clk 1:29:33]} Qf8 {[%clk 1:33:39]} 15. O-O
{[%clk 1:26:18]} h6 {[%clk 1:33:58]} 16. Bc1 {[%clk 1:26:17]} Bd7
{[%clk 1:34:20]} 17. a4 {[%clk 1:25:43]} Qg7 {[%clk 1:29:12]} 18. Ba3
{[%clk 1:21:22]} g5 {[%clk 1:22:00]} 19. Rb1 {[%clk 1:09:13]} b6 {[%clk 1:21:13]}
20. a5 {[%clk 1:09:25]} bxa5 {[%clk 1:08:17]} 21. Rb7 {[%clk 1:08:02]} Be8
{[%clk 1:07:06]} 22. Nd2 {[%clk 1:05:29]} Ng6 {[%clk 1:04:24]} 23. Rb1
{[%clk 1:02:37]} Nf4 {[%clk 0:54:54]} 24. Re1 {[%clk 1:01:07]} Nxe2+
{[%clk 0:50:28]} 25. Qxe2 {[%clk 0:54:58]} Rf6 {[%clk 0:46:46]} 26. Rb2
{[%clk 0:50:08]} Bg6 {[%clk 0:40:15]} 27. Nf1 {[%clk 0:44:54]} Re8
{[%clk 0:31:24]} 28. Ne3 {[%clk 0:44:25]} h5 {[%clk 0:30:36]} 29. h3
{[%clk 0:43:36]} Qd7 {[%clk 0:20:44]} 30. Reb1 {[%clk 0:41:29]} e5
{[%clk 0:16:04]} 31. dxe5 {[%clk 0:37:23]} Rxe5 {[%clk 0:13:00]} 32. Rb7
{[%clk 0:37:43]} Qe6 {[%clk 0:11:32]} 33. Qd2 {[%clk 0:33:47]} g4
{[%clk 0:08:31]} 34. hxg4 {[%clk 0:32:31]} hxg4 {[%clk 0:08:56]} 35. Bc5
{[%clk 0:32:50]} g3 {[%clk 0:06:26]} 36. f3 {[%clk 0:27:18]} Rf7 {[%clk 0:02:09]}
37. Rxf7 {[%clk 0:25:40]} Bxf7 {[%clk 0:01:50]} 38. Ng4 {[%clk 0:17:58]} Re2
{[%clk 0:02:14]} 39. Nf6+ {[%clk 0:14:24]} Qxf6 {[%clk 0:01:13]} 40. Qxe2
{[%clk 0:44:52]} Qxc3 {[%clk 0:30:37]} 41. f4 {[%clk 0:38:07]} Kh7
{[%clk 0:25:10]} 42. f5 {[%clk 0:33:06]} Qg7 {[%clk 0:16:02]} 43. Qf3
{[%clk 0:20:34]} Nd4 {[%clk 0:09:08]} 44. Bxd4 {[%clk 0:17:47]} Qxd4+
{[%clk 0:09:34]} 45. Kf1 {[%clk 0:18:14]} Qh4 {[%clk 0:09:41]} 46. Rb7
{[%clk 0:17:58]} Kg8 {[%clk 0:10:08]} 47. f6 {[%clk 0:10:54]} Qg5
{[%clk 0:08:07]} 48. Re7 {[%clk 0:09:22]} a4 {[%clk 0:04:00]} 49. Re3
{[%clk 0:09:46]} Kf8 {[%clk 0:04:26]} 50. Qxg3 {[%clk 0:07:06]} Qxg3
{[%clk 0:02:03]} 51. Rxg3 {[%clk 0:07:34]} d4 {[%clk 0:02:31]} 52. Ke1
{[%clk 0:06:31]} c3 53. Rg4 {[%clk 0:06:01]} a3 {[%clk 0:00:32]} 54. Rxd4
{[%clk 0:06:23]} a2 {[%clk 0:00:41]} 55. Ra4 {[%clk 0:06:48]} Bd5
{[%clk 0:00:32]} 56. Rxa7 {[%clk 0:06:35]} 1-0

[Event "Agen 2017 National"]
[Site "?"]
[Date "2017.08.24"]
[Round "6.4"]
[White "Maze, Sebastien"]
[Black "Gharamian, Tigran"]
[Result "1/2-1/2"]
[BlackElo "2616"]
[WhiteElo "2612"]
[LiveChessVersion "1.4.8"]

1. e4 {[%clk 1:30:47]} c6 {[%clk 1:30:53]} 2. Nc3 {[%clk 1:30:54]} d5
{[%clk 1:31:16]} 3. Nf3 {[%clk 1:31:19]} dxe4 {[%clk 1:31:38]} 4. Nxe4
{[%clk 1:31:37]} Nf6 {[%clk 1:32:02]} 5. Nxf6+ {[%clk 1:31:47]} exf6
{[%clk 1:32:22]} 6. Bc4 {[%clk 1:30:20]} Bd6 {[%clk 1:32:35]} 7. Qe2+
{[%clk 1:29:45]} Qe7 {[%clk 1:32:59]} 8. Qxe7+ {[%clk 1:29:56]} Kxe7
{[%clk 1:33:23]} 9. O-O {[%clk 1:29:25]} Be6 {[%clk 1:33:46]} 10. Re1
{[%clk 1:27:46]} Kd7 {[%clk 1:33:07]} 11. Be2 {[%clk 1:26:26]} a5
{[%clk 1:33:03]} 12. Nd4 {[%clk 1:21:40]} Na6 {[%clk 1:31:52]} 13. Nxe6
{[%clk 1:20:46]} fxe6 {[%clk 1:32:16]} 14. d4 {[%clk 1:13:58]} Nb4
{[%clk 1:13:53]} 15. Bd1 {[%clk 1:14:16]} a4 {[%clk 1:14:05]} 16. a3
{[%clk 1:01:21]} Na6 {[%clk 1:14:22]} 17. c4 {[%clk 0:57:39]} b5 {[%clk 1:14:47]}
18. Bd2 {[%clk 0:35:33]} bxc4 {[%clk 1:11:06]} 19. Rc1 {[%clk 0:35:35]} Rhb8
{[%clk 1:05:56]} 20. Rc2 {[%clk 0:35:57]} Nc7 {[%clk 0:49:13]} 21. Bc1
{[%clk 0:36:09]} Nd5 {[%clk 0:49:10]} 22. Rxc4 {[%clk 0:36:33]} Nb6
{[%clk 0:49:36]} 23. Rc2 {[%clk 0:33:41]} Nd5 {[%clk 0:49:53]} 24. Rc4
{[%clk 0:32:36]} Nb6 {[%clk 0:50:18]} 25. Rc2 {[%clk 0:33:03]} Nd5
{[%clk 0:50:44]} 26. g3 {[%clk 0:33:30]} f5 {[%clk 0:46:25]} 27. Rce2
{[%clk 0:31:57]} Nc7 {[%clk 0:45:51]} 28. Rc2 {[%clk 0:31:02]} Nd5
{[%clk 0:46:00]} 29. Kg2 {[%clk 0:30:38]} g6 {[%clk 0:43:55]} 30. Bf3
{[%clk 0:20:16]} Ra6 {[%clk 0:40:19]} 31. Be2 {[%clk 0:17:33]} Raa8
{[%clk 0:40:04]} 32. Bc4 {[%clk 0:17:47]} Rb7 {[%clk 0:36:55]} 33. Rce2
{[%clk 0:17:36]} Re8 {[%clk 0:37:05]} 34. Bh6 {[%clk 0:16:04]} Bc7
{[%clk 0:31:49]} 35. h4 {[%clk 0:11:04]} Ba5 {[%clk 0:30:47]} 36. Rd1
{[%clk 0:08:42]} Reb8 {[%clk 0:30:49]} 37. Bc1 {[%clk 0:09:01]} h5
{[%clk 0:28:27]} 38. Rc2 {[%clk 0:09:05]} Bd8 {[%clk 0:27:46]} 39. Ba2
{[%clk 0:08:14]} Be7 {[%clk 0:21:37]} 40. Bc4 {[%clk 0:37:41]} Bd6
{[%clk 0:48:56]} 41. Be2 {[%clk 0:37:14]} Rc7 {[%clk 0:43:54]} 42. Re1
{[%clk 0:36:40]} Rcc8 {[%clk 0:43:24]} 43. Bd1 {[%clk 0:36:32]} Ra8
{[%clk 0:42:55]} 44. Rce2 {[%clk 0:36:46]} Re8 {[%clk 0:42:28]} 45. Bc2
{[%clk 0:35:43]} Bf8 {[%clk 0:41:30]} 46. Rd1 {[%clk 0:33:00]} Bg7
{[%clk 0:39:58]} 47. Rd3 {[%clk 0:32:18]} 1/2-1/2

[Event "Agen 2017 National"]
[Site "?"]
[Date "2017.08.24"]
[Round "6.5"]
[White "Chabanon, Jean-Luc"]
[Black "Jolly, Jean-Francois"]
[Result "1/2-1/2"]
[BlackElo "2381"]
[WhiteElo "2467"]
[LiveChessVersion "1.4.8"]

1. d4 {[%clk 1:30:54]} Nf6 {[%clk 1:30:53]} 2. Nf3 {[%clk 1:31:18]} e6
{[%clk 1:31:18]} 3. g3 {[%clk 1:31:45]} d5 {[%clk 1:30:55]} 4. Bg2
{[%clk 1:31:58]} Be7 {[%clk 1:25:49]} 5. O-O {[%clk 1:32:13]} O-O
{[%clk 1:26:03]} 6. b3 {[%clk 1:27:50]} b6 {[%clk 1:22:04]} 7. Ne5
{[%clk 1:25:27]} Bb7 {[%clk 1:19:06]} 8. Bb2 {[%clk 1:17:55]} Nbd7
{[%clk 1:12:26]} 9. Nxd7 {[%clk 1:18:08]} Qxd7 {[%clk 1:12:20]} 10. Nd2
{[%clk 1:18:34]} c5 {[%clk 1:10:54]} 11. dxc5 {[%clk 1:10:48]} bxc5
{[%clk 1:04:45]} 12. e4 {[%clk 1:07:46]} dxe4 {[%clk 1:00:19]} 13. Bxf6
{[%clk 1:06:25]} gxf6 {[%clk 0:57:44]} 14. Nxe4 {[%clk 0:43:43]} Qxd1
{[%clk 0:51:56]} 15. Rfxd1 {[%clk 0:44:04]} Bxe4 {[%clk 0:52:23]} 16. Bxe4
{[%clk 0:44:27]} Rad8 {[%clk 0:52:50]} 17. Kf1 {[%clk 0:44:45]} f5
{[%clk 0:52:32]} 18. Bf3 {[%clk 0:43:07]} Kg7 {[%clk 0:51:19]} 19. Ke2
{[%clk 0:42:25]} Bf6 {[%clk 0:49:13]} 20. Rxd8 {[%clk 0:35:47]} Rxd8
{[%clk 0:49:39]} 21. Rd1 {[%clk 0:36:13]} Rxd1 {[%clk 0:50:04]} 22. Kxd1
{[%clk 0:36:38]} Bd4 {[%clk 0:50:11]} 23. Ke2 {[%clk 0:37:02]} Kf6
{[%clk 0:50:32]} 24. Bh5 {[%clk 0:37:00]} Ke7 {[%clk 0:50:48]} 25. f3
{[%clk 0:36:58]} f6 {[%clk 0:50:54]} 26. h3 {[%clk 0:33:05]} Kd6 {[%clk 0:50:48]}
27. Bf7 {[%clk 0:30:39]} Be5 {[%clk 0:49:58]} 28. g4 {[%clk 0:26:57]} fxg4
{[%clk 0:50:23]} 29. hxg4 {[%clk 0:27:08]} f5 {[%clk 0:49:29]} 30. Kd3
{[%clk 0:25:40]} fxg4 {[%clk 0:49:32]} 31. fxg4 {[%clk 0:26:07]} h6
{[%clk 0:49:51]} 32. Kc4 {[%clk 0:25:58]} a5 {[%clk 0:49:50]} 33. Be8
{[%clk 0:22:28]} Bf6 {[%clk 0:50:09]} 34. Bg6 {[%clk 0:17:40]} Bg7
{[%clk 0:50:32]} 35. Bd3 {[%clk 0:16:09]} Bf6 {[%clk 0:50:46]} 36. Be2
{[%clk 0:13:03]} Bg7 {[%clk 0:51:08]} 37. Bf3 {[%clk 0:13:08]} Bf6
{[%clk 0:51:31]} 38. Bg2 {[%clk 0:10:10]} Bg7 {[%clk 0:51:54]} 39. Bb7
{[%clk 0:04:50]} Bf6 {[%clk 0:52:14]} 40. Bc8 {[%clk 0:34:01]} Bg7
{[%clk 1:22:40]} 41. a4 {[%clk 0:32:03]} Bf6 {[%clk 1:22:31]} 42. Bb7
{[%clk 0:30:36]} 1/2-1/2

[Event "Agen 2017 - National Féminin"]
[Site "?"]
[Date "2017.08.24"]
[Round "6.1"]
[White "Milliet, Sophie"]
[Black "Leconte, Maria"]
[Result "1-0"]
[BlackElo "2208"]
[WhiteElo "2362"]
[LiveChessVersion "1.4.8"]

1. e4 {[%clk 1:30:57]} e5 {[%clk 1:30:55]} 2. Nf3 {[%clk 1:31:23]} Nc6
{[%clk 1:31:22]} 3. Bc4 {[%clk 1:31:41]} Bc5 {[%clk 1:31:40]} 4. O-O
{[%clk 1:31:54]} Nf6 {[%clk 1:32:01]} 5. d3 {[%clk 1:32:12]} d6 {[%clk 1:32:01]}
6. c3 {[%clk 1:32:33]} a6 {[%clk 1:32:21]} 7. a4 {[%clk 1:32:40]} Ba7
{[%clk 1:32:21]} 8. Re1 {[%clk 1:32:36]} h6 {[%clk 1:30:26]} 9. Na3
{[%clk 1:32:19]} O-O {[%clk 1:20:34]} 10. Nc2 {[%clk 1:31:53]} Ne7
{[%clk 1:19:26]} 11. Be3 {[%clk 1:27:26]} c6 {[%clk 1:14:45]} 12. Bxa7
{[%clk 1:22:37]} Rxa7 {[%clk 1:15:10]} 13. d4 {[%clk 0:50:13]} Qc7
{[%clk 1:08:44]} 14. h3 {[%clk 0:50:12]} Ng6 {[%clk 0:54:03]} 15. a5
{[%clk 0:50:14]} Ra8 {[%clk 0:43:01]} 16. dxe5 {[%clk 0:38:36]} dxe5
{[%clk 0:43:25]} 17. Qd2 {[%clk 0:38:42]} Be6 {[%clk 0:24:23]} 18. Bxe6
{[%clk 0:27:13]} fxe6 {[%clk 0:24:48]} 19. Qe3 {[%clk 0:27:31]} Nh5
{[%clk 0:24:36]} 20. Red1 {[%clk 0:27:15]} Nhf4 {[%clk 0:23:42]} 21. Nce1
{[%clk 0:27:31]} Qe7 {[%clk 0:17:35]} 22. Kh2 {[%clk 0:21:32]} Nh4
{[%clk 0:12:36]} 23. g3 {[%clk 0:21:54]} Nxf3+ {[%clk 0:12:33]} 24. Nxf3
{[%clk 0:22:20]} Ng6 {[%clk 0:12:57]} 25. Rd2 {[%clk 0:21:08]} Rad8
{[%clk 0:08:05]} 26. Rad1 {[%clk 0:21:14]} Rxd2 {[%clk 0:08:18]} 27. Rxd2
{[%clk 0:21:42]} Rd8 {[%clk 0:08:27]} 28. Kg2 {[%clk 0:20:12]} Rd7
{[%clk 0:07:18]} 29. b4 {[%clk 0:20:02]} Rxd2 {[%clk 0:05:33]} 30. Nxd2
{[%clk 0:20:20]} Nf8 {[%clk 0:05:22]} 31. Nc4 {[%clk 0:19:02]} Nd7
{[%clk 0:05:46]} 32. Qa7 {[%clk 0:18:41]} Nf6 {[%clk 0:06:09]} 33. Qb8+
{[%clk 0:18:52]} Kh7 {[%clk 0:04:40]} 34. Qxe5 {[%clk 0:18:34]} Qd7
{[%clk 0:03:45]} 35. Qd6 {[%clk 0:17:13]} Qe8 {[%clk 0:04:11]} 36. f3
{[%clk 0:16:29]} c5 {[%clk 0:04:37]} 37. Qxc5 {[%clk 0:11:23]} Qa4
{[%clk 0:04:53]} 38. Qe3 {[%clk 0:09:49]} Qa2+ {[%clk 0:03:51]} 39. Nd2
{[%clk 0:10:14]} e5 {[%clk 0:03:59]} 40. f4 {[%clk 0:40:00]} Qe6 {[%clk 0:33:19]}
41. fxe5 {[%clk 0:30:35]} Qxe5 {[%clk 0:33:41]} 42. Qd4 {[%clk 0:30:44]} Qh5
{[%clk 0:33:54]} 43. Qf2 {[%clk 0:23:16]} Kg8 {[%clk 0:31:45]} 44. Qe3
{[%clk 0:18:36]} Qb5 {[%clk 0:29:50]} 45. Nf3 {[%clk 0:10:29]} Qc6
{[%clk 0:30:01]} 46. e5 {[%clk 0:06:39]} Nd5 {[%clk 0:30:07]} 47. Qe4
{[%clk 0:05:24]} Kf8 {[%clk 0:18:28]} 48. Nd4 {[%clk 0:05:19]} Nf4+
{[%clk 0:15:58]} 49. Kf3 {[%clk 0:05:46]} Qxe4+ {[%clk 0:16:24]} 50. Kxe4
{[%clk 0:06:13]} Nxh3 {[%clk 0:16:50]} 51. Ne6+ {[%clk 0:06:24]} Kf7
{[%clk 0:10:59]} 52. Nd8+ {[%clk 0:06:51]} Ke7 {[%clk 0:11:21]} 53. Nxb7
{[%clk 0:07:17]} Nf2+ {[%clk 0:11:08]} 54. Kd4 {[%clk 0:06:27]} g5
{[%clk 0:08:25]} 55. b5 {[%clk 0:06:44]} 1-0

[Event "Agen 2017 - National Féminin"]
[Site "?"]
[Date "2017.08.24"]
[Round "6.2"]
[White "Roumegous, Marina"]
[Black "Haussernot, Cecile"]
[Result "1-0"]
[BlackElo "2077"]
[WhiteElo "2142"]
[LiveChessVersion "1.4.8"]

1. d4 {[%clk 1:30:57]} Nf6 {[%clk 1:30:55]} 2. Nf3 {[%clk 1:31:22]} c5
{[%clk 1:31:21]} 3. d5 {[%clk 1:31:31]} b5 {[%clk 1:30:59]} 4. Bg5
{[%clk 1:31:33]} Ne4 {[%clk 1:13:58]} 5. Bh4 {[%clk 1:31:58]} g6 {[%clk 0:58:29]}
6. Nbd2 {[%clk 1:30:40]} Nd6 {[%clk 0:50:40]} 7. e4 {[%clk 1:28:18]} Bg7
{[%clk 0:50:22]} 8. c3 {[%clk 1:26:19]} O-O {[%clk 0:49:49]} 9. Bd3
{[%clk 1:12:25]} c4 {[%clk 0:49:21]} 10. Bc2 {[%clk 1:11:53]} b4 {[%clk 0:49:43]}
11. e5 {[%clk 1:11:25]} bxc3 {[%clk 0:48:55]} 12. bxc3 {[%clk 1:10:58]} Nb5
{[%clk 0:49:14]} 13. Ne4 {[%clk 1:03:36]} f5 {[%clk 0:35:45]} 14. exf6
{[%clk 1:03:41]} exf6 {[%clk 0:36:06]} 15. a4 {[%clk 0:54:03]} Nxc3
{[%clk 0:23:15]} 16. Nxc3 {[%clk 0:53:29]} Qa5 {[%clk 0:23:36]} 17. O-O
{[%clk 0:48:09]} Qxc3 {[%clk 0:23:55]} 18. Rc1 {[%clk 0:45:28]} Qa5
{[%clk 0:23:20]} 19. Rb1 {[%clk 0:40:01]} d6 {[%clk 0:22:53]} 20. Bg3
{[%clk 0:36:32]} Qc5 {[%clk 0:20:08]} 21. Rb5 {[%clk 0:29:56]} Qc7
{[%clk 0:18:24]} 22. Nd4 {[%clk 0:29:48]} a6 {[%clk 0:16:41]} 23. Rb4
{[%clk 0:29:17]} Qc5 {[%clk 0:16:50]} 24. Rb1 {[%clk 0:29:01]} Qxd5
{[%clk 0:07:47]} 25. Nf3 {[%clk 0:25:19]} Bb7 26. Qxd5+ {[%clk 0:24:27]} Bxd5
{[%clk 0:05:24]} 27. Rfd1 {[%clk 0:24:33]} Bxf3 {[%clk 0:05:25]} 28. gxf3
{[%clk 0:24:58]} f5 {[%clk 0:05:44]} 29. Bxd6 {[%clk 0:24:32]} Re8
{[%clk 0:05:52]} 30. Rb4 {[%clk 0:23:56]} c3 {[%clk 0:04:56]} 31. Rc4
{[%clk 0:22:53]} a5 {[%clk 0:03:22]} 32. Bc7 {[%clk 0:15:14]} Ra6
{[%clk 0:02:08]} 33. Bb3 {[%clk 0:11:29]} Kh8 {[%clk 0:02:27]} 34. Rd5
{[%clk 0:07:16]} Rc6 {[%clk 0:01:57]} 35. Rxc6 {[%clk 0:06:27]} Nxc6
{[%clk 0:02:25]} 36. Rc5 {[%clk 0:06:50]} Nd4 {[%clk 0:02:46]} 37. Bf7
{[%clk 0:04:58]} Re1+ {[%clk 0:00:40]} 38. Kg2 {[%clk 0:05:23]} c2
{[%clk 0:00:51]} 39. Bf4 {[%clk 0:05:26]} h6 {[%clk 0:01:12]} 40. Be3
{[%clk 0:34:27]} Ne2 {[%clk 0:30:42]} 41. Rxc2 {[%clk 0:30:39]} g5
{[%clk 0:22:52]} 42. f4 {[%clk 0:14:17]} gxf4 {[%clk 0:22:46]} 43. Bb6
{[%clk 0:12:31]} Bf6 {[%clk 0:16:51]} 44. Kf3 {[%clk 0:09:24]} Kg7
{[%clk 0:15:51]} 45. Rxe2 {[%clk 0:08:22]} Rxe2 {[%clk 0:16:15]} 46. Kxe2
{[%clk 0:08:46]} Kxf7 {[%clk 0:16:42]} 47. Bxa5 {[%clk 0:08:32]} Be5
{[%clk 0:13:05]} 48. Kf3 {[%clk 0:08:11]} Ke6 {[%clk 0:07:29]} 49. Bd2
{[%clk 0:08:31]} h5 {[%clk 0:07:42]} 50. Bxf4 {[%clk 0:08:56]} Bd4
{[%clk 0:06:51]} 51. a5 {[%clk 0:08:51]} Kd5 {[%clk 0:06:39]} 52. a6 1-0